LEADER 02858nam 2200637Ia 450 001 9910162831103321 005 20200520144314.0 010 $a1-68275-144-9 010 $a1-282-48869-4 010 $a1-936218-05-4 035 $a(CKB)2550000000006031 035 $a(EBL)478420 035 $a(OCoLC)536347238 035 $a(SSID)ssj0000358751 035 $a(PQKBManifestationID)12102574 035 $a(PQKBTitleCode)TC0000358751 035 $a(PQKBWorkID)10377168 035 $a(PQKB)10198954 035 $a(MiAaPQ)EBC478420 035 $a(Au-PeEL)EBL478420 035 $a(CaPaEBR)ebr10360020 035 $a(CaONFJC)MIL248869 035 $a(EXLCZ)992550000000006031 100 $a20090724d2009 uy 0 101 0 $aeng 135 $aur|n|---||||| 181 $ctxt 182 $cc 183 $acr 200 10$aDemocracy at the crossroads$b[electronic resource] $eprinces, peasants, poets, and presidents in the struggle for (and against) the rule of law /$fCraig S. Barnes 210 $aGolden, CO $cFulcrum$d2009 215 $a1 online resource (272 p.) 225 0 $aSpeaker's corner 300 $aDescription based upon print version of record. 311 $a1-55591-726-7 320 $aIncludes bibliographical references and index. 327 $aPreface; Acknowledgments; Prologue: John Cooke Indicts His Majesty the King; A Pocket History of the Rule of Law; 1: The Long Life of Lying; 2: The Short Life of an Honest Man in Rome; 3: The Miserable Life of a Feudal King; 4: The Half-life of Feudalism and the Birth of Law; 5: Poets as Midwives; 6: The Cradle Century; 7: A Rebel Even a King Would Save; 8: Unparalleled Courage, Fraud, and Revolution; 9: The Birth of a Republic; Rebirth of the Feudal Mind in the United States; 10: To Suspend the Law, Again; 11: Special Courts, Again; 12: War Privileges, Again; 13: The Law of Nations Ignored 327 $a14: While Congress Slept15: Today's Tug-of-War; American Values Deeper than Capitalism, Deeper than Law; 16: Beyond the Eternal Order of Lying; 17: Beyond Pure Self-Interest; 18: Beyond the Sword; 19: Beyond the Easy Lie; 20: Beyond Bribery; An Age Ends; 21: Finding Direction in a Time of Chaos 330 $aAn eye-opening treatise on the international foundations of our liberty and its current challenges. 410 0$aSpeaker's Corner 606 $aDemocracy$xHistory 606 $aRule of law$xHistory 606 $aCivil rights$xHistory 608 $aElectronic books. 615 0$aDemocracy$xHistory. 615 0$aRule of law$xHistory. 615 0$aCivil rights$xHistory. 676 $a321.8 700 $aBarnes$b Craig S$0914539 801 0$bMiAaPQ 801 1$bMiAaPQ 801 2$bMiAaPQ 906 $aBOOK 912 $a9910162831103321 996 $aDemocracy at the crossroads$92274631 997 $aUNINA LEADER 02718nam 2200553 450 001 9910812119603321 005 20230803221111.0 010 $a0-19-933545-1 010 $a0-19-933544-3 035 $a(CKB)2550000001251034 035 $a(EBL)1661330 035 $a(OCoLC)878078526 035 $a(SSID)ssj0001179918 035 $a(PQKBManifestationID)12377702 035 $a(PQKBTitleCode)TC0001179918 035 $a(PQKBWorkID)11185034 035 $a(PQKB)11283583 035 $a(MiAaPQ)EBC1661330 035 $a(Au-PeEL)EBL1661330 035 $a(CaPaEBR)ebr10853225 035 $a(CaONFJC)MIL586044 035 $a(EXLCZ)992550000001251034 100 $a20140407h20142014 uy 0 101 0 $aeng 135 $aur|n|---||||| 181 $ctxt 182 $cc 183 $acr 200 10$aCharity and Sylvia $ea same-sex marriage in early America /$fRachel Hope Cleves 210 1$aNew York :$cOxford University Press,$d2014. 210 4$d©2014 215 $a1 online resource (296 p.) 300 $aIncludes index. 311 $a0-19-933542-7 311 $a1-306-54793-8 327 $aCover; Charity and Sylvia: A Same-Sex Marriage in Early America; Copyright; Contents; Preface; 1. A Child of Melancholy: 1777; 2. Infantile Days: 1784; 3. O the Example!: 1787; 4. Mistress of a School: 1797; 5. So Many Friends: 1799; 6. Discontent and Indifferent: 1800; 7. Never to Marry: 1800; 8. Charity and Mercy: 1805; 9. Charity and Lydia: 1806; 10. Charity and Sylviafebruary: 1807; 11. The Tie that Bindsjuly: 1807; 12. Their Own Dwelling: 1809; 13. Wild Affections: 1811; 14. Miss Bryant Was the Man: 1820; 15. Dear Aunts: 1823; 16. Stand Fast in One Spirit: 1828 327 $a17. Diligent in Business: 183518. The Cure of Her I Love: 1839; 19. Sylvia Drake | W: 1851; Afterword; Abbreviations; Notes; Preface; Chapter 1; Chapter 2; Chapter 3; Chapter 4; Chapter 5; Chapter 6; Chapter 7; Chapter 8; Chapter 9; Chapter 10; Chapter 11; Chapter 12; Chapter 13; Chapter 14; Chapter 15; Chapter 16; Chapter 17; Chapter 18; Chapter 19; Afterword; Acknowledgments; Index 330 $aCharity and Sylvia is the intimate history of the extraordinary marriage of two ordinary early American women. Their story, drawn from the women's personal writings and other original documents, reveals that same-sex marriage is not as new as we think. 606 $aSame-sex marriage$zUnited States$yTo 1865 615 0$aSame-sex marriage 676 $a306.84/8 700 $aCleves$b Rachel Hope$f1975-$01701854 801 0$bMiAaPQ 801 1$bMiAaPQ 801 2$bMiAaPQ 906 $aBOOK 912 $a9910812119603321 996 $aCharity and Sylvia$94085900 997 $aUNINA LEADER 02822nas 2200829-a 450 001 9910134591903321 005 20260218111752.0 035 $a(DE-599)ZDB2127645-6 035 $a(CKB)110990112639096 035 $a(CONSER)---88644823- 035 $a(DE-599)2127645-6 035 $a(EXLCZ)99110990112639096 100 $a19881019b19882006 -a- a 101 0 $aeng 182 $cc$2rdamedia 183 $acr$2rdacarrier 200 00$aFDIC banking review 210 $aWashington, DC $cFederal Deposit Insurance Corp.$d1988- 215 $a1 online resource 300 $aTitle from cover. 311 08$aPrint version: FDIC banking review. 1041-939X (DLC) 88644823 (OCoLC)18630387 517 3 $aFederal Deposit Insurance Corporation banking review 517 3 $aBanking review 531 0 $aFDIC bank. rev. 606 $aDeposit insurance$zUnited States$vPeriodicals 606 $aBanks and banking$zUnited States$vPeriodicals 606 $aBank failures$zUnited States$vPeriodicals 606 $aBanks and banking$vPeriodicals 606 $aEconomic forecasting$vPeriodicals 606 $aEconomic history$vPeriodicals 606 $aBank failures$2fast$3(OCoLC)fst00826658 606 $aBanks and banking$2fast$3(OCoLC)fst00826867 606 $aDeposit insurance$2fast$3(OCoLC)fst00890852 606 $aEconomic forecasting$2fast$3(OCoLC)fst00901942 606 $aEconomic history$2fast$3(OCoLC)fst00901974 606 $aBank$2stw 606 $aBankgeschäft$2stw 606 $aUSA$2stw 606 $aAssurance-dépôts$zÉtats-Unis$vPériodiques 606 $aBanques$zÉtats-Unis$vPériodiques 606 $aBanques$xFaillites$zÉtats-Unis$vPériodiques 606 $aPrévision économique$vPériodiques 606 $aHistoire économique$vPériodiques 607 $aUnited States$2fast$1https://id.oclc.org/worldcat/entity/E39PBJtxgQXMWqmjMjjwXRHgrq 608 $aPeriodicals.$2fast 608 $aPeriodicals.$2lcgft 615 0$aDeposit insurance 615 0$aBanks and banking 615 0$aBank failures 615 0$aBanks and banking 615 0$aEconomic forecasting 615 0$aEconomic history 615 7$aBank failures. 615 7$aBanks and banking. 615 7$aDeposit insurance. 615 7$aEconomic forecasting. 615 7$aEconomic history. 615 7$aBank. 615 7$aBankgeschäft. 615 7$aUSA. 615 6$aAssurance-dépôts 615 6$aBanques 615 6$aBanques$xFaillites 615 6$aPrévision économique 615 6$aHistoire économique 676 $a332.1/0973 712 02$aFederal Deposit Insurance Corporation. 906 $aJOURNAL 912 $a9910134591903321 920 $aexl_impl conversion 996 $aFDIC banking review$92019380 997 $aUNINA